[Event "56. Campeonato de Bulgaria Femenino"]
[Site "Pernik, BUL"]
[Date "2007.03.11"]
[Round "1.1"]
[White "Bednikova, Stefi"]
[Black "Jordanova, Svetla"]
[Result "0-1"]
[WhiteElo "2068"]
[BlackElo "2245"]
[PlyCount "80"]
[EventDate "2007.03.11"]
[EventType "tourn"]
[EventRounds "11"]
[EventCountry "BUL"]
[Source "lmi"]
[SourceDate "2007.03.11"]

1. e4 c5 2. Nf3 d6 3. d4 cxd4 4. Nxd4 Nf6 5. Nc3 a6 6. Bc4 e6 7. Bb3 Nbd7 8. f4
Nc5 9. f5 Bd7 10. Qf3 Qc8 11. Be3 b5 12. a3 Be7 13. O-O Nxb3 14. cxb3 e5 15.
Nde2 Bc6 16. Qg3 Qb7 17. Bg5 Nxe4 18. Nxe4 Bxe4 19. Bxe7 Qxe7 20. Qxg7 O-O-O
21. Qh6 Qb7 22. Rf2 Kb8 23. Rc1 Qb6 24. Ng3 Bb7 25. Rd1 Ka7 26. Qf6 Qc7 27. Re2
Rhg8 28. Kf1 Ka8 29. Red2 d5 30. Re1 e4 31. Qd4 h5 32. Nxh5 Qxh2 33. Nf6 Rh8
34. Qf2 Qh6 35. Ng4 Qg5 36. Ne5 Rh1+ 37. Ke2 e3 38. Qf3 Rxe1+ 39. Kxe1 exd2+
40. Kd1 d4 0-1

[Event "56. Campeonato de Bulgaria Femenino"]
[Site "Pernik, BUL"]
[Date "2007.03.11"]
[Round "1.2"]
[White "Stefanova, Milena"]
[Black "Raeva, Elitsa"]
[Result "0-1"]
[WhiteElo "2046"]
[BlackElo "2207"]
[PlyCount "46"]
[EventDate "2007.03.11"]
[EventType "tourn"]
[EventRounds "11"]
[EventCountry "BUL"]
[Source "lmi"]
[SourceDate "2007.03.11"]

1. e4 c5 2. Nf3 Nc6 3. b3 d6 4. Bb5 e5 5. Bb2 Nf6 6. O-O g6 7. Re1 Bg7 8. c3
O-O 9. d4 exd4 10. cxd4 Nh5 11. h3 Nxd4 12. Nxd4 cxd4 13. Bc4 Qg5 14. Qf3 Be5
15. Na3 Nf4 16. Kh1 Qh6 17. Kg1 g5 18. Nb5 g4 19. Qd1 Nxg2 20. Bxd4 Nxe1 21.
Qxe1 a6 22. Nc7 Bxd4 23. Rd1 Qg7 0-1

[Event "56. Campeonato de Bulgaria Femenino"]
[Site "Pernik, BUL"]
[Date "2007.03.11"]
[Round "1.4"]
[White "Videnova, Iva"]
[Black "Genova, Ruzka"]
[Result "1-0"]
[WhiteElo "2175"]
[BlackElo "2243"]
[PlyCount "71"]
[EventDate "2007.03.11"]
[EventType "tourn"]
[EventRounds "11"]
[EventCountry "BUL"]
[Source "lmi"]
[SourceDate "2007.03.11"]

1. e4 c5 2. Nf3 e6 3. d4 cxd4 4. Nxd4 Nf6 5. Nc3 d6 6. g4 Nc6 7. g5 Nd7 8. Be3
Nb6 9. Qd2 Ne5 10. b3 Ng4 11. O-O-O Be7 12. h4 O-O 13. Ndb5 Nxe3 14. fxe3 d5
15. exd5 exd5 16. Nxd5 Nxd5 17. Qxd5 Qb6 18. Qe4 Be6 19. Bd3 g6 20. Nd4 Ba3+
21. Kb1 Qb4 22. Nxe6 Qxe4 23. Bxe4 fxe6 24. Bxb7 Rad8 25. Rxd8 Rxd8 26. Bf3 Rd2
27. h5 Rf2 28. Bg4 gxh5 29. Bxh5 Kg7 30. Rg1 e5 31. g6 h6 32. Rd1 Rh2 33. Rd7+
Kf6 34. Rf7+ Kg5 35. Rf1 Kxh5 36. g7 1-0

[Event "56. Campeonato de Bulgaria Femenino"]
[Site "Pernik, BUL"]
[Date "2007.03.11"]
[Round "1.5"]
[White "Voiska, Margarita"]
[Black "Genova, Lybka"]
[Result "1/2-1/2"]
[WhiteElo "2319"]
[BlackElo "2214"]
[PlyCount "46"]
[EventDate "2007.03.11"]
[EventType "tourn"]
[EventRounds "11"]
[EventCountry "BUL"]
[Source "lmi"]
[SourceDate "2007.03.11"]

1. Nf3 c5 2. g3 Nc6 3. Bg2 g6 4. c3 Bg7 5. d4 cxd4 6. cxd4 d6 7. d5 Qa5+ 8. Nc3
Nb4 9. O-O Nf6 10. Nd4 h5 11. a3 Na6 12. Nf3 Bd7 13. Be3 Nc7 14. Bd4 O-O 15. e4
Nb5 16. Nxb5 Bxb5 17. Re1 Rfc8 18. Bh3 Ba4 19. b3 Bd7 20. Bxd7 Nxd7 21. b4 Qa6
22. Bxg7 Kxg7 23. e5 dxe5 1/2-1/2

[Event "56. Campeonato de Bulgaria Femenino"]
[Site "Pernik, BUL"]
[Date "2007.03.11"]
[Round "1.6"]
[White "Chilingirova, Pavlina"]
[Black "Nikolova, Adriana"]
[Result "0-1"]
[WhiteElo "2184"]
[BlackElo "2204"]
[PlyCount "112"]
[EventDate "2007.03.11"]
[EventType "tourn"]
[EventRounds "11"]
[EventCountry "BUL"]
[Source "lmi"]
[SourceDate "2007.03.11"]

1. d4 Nf6 2. c4 e6 3. Nc3 Bb4 4. Qc2 c5 5. Nf3 Nc6 6. dxc5 O-O 7. a3 Bxc5 8.
Bg5 b6 9. e3 Be7 10. Bd3 h6 11. h4 Ng4 12. Bf4 f5 13. Rd1 d6 14. Be2 e5 15. Bg3
f4 16. exf4 exf4 17. Bh2 Bxh4 18. Bg1 Ne3 19. Qd2 Nxd1 20. Qxd1 Bf6 21. Qd5+
Kh8 22. Qxc6 Bxc3+ 23. bxc3 Rb8 24. Qd5 Bb7 25. Qd4 Kg8 26. Rh5 Qe7 27. Kf1
Rbe8 28. Qd2 Rf6 29. Nd4 g5 30. f3 Qe5 31. Bf2 Qa5 32. Nb5 Rfe6 33. Bd3 R8e7
34. Nd4 Rf6 35. Nc2 Bc8 36. Bd4 Rfe6 37. Kg1 Bb7 38. Kh2 Qa4 39. Bf2 Qe8 40.
Nd4 Qxh5+ 41. Kg1 Re5 42. Nf5 R7e6 43. c5 bxc5 44. Qb2 Qf7 45. Qb1 Rf6 46. Be4
d5 47. Bc2 Rfxf5 48. Bxc5 Qe8 49. Bf2 Rf7 50. Bg6 Qe7 51. Kh2 Re2 52. Bd4 g4
53. Bxf7+ Qxf7 54. fxg4 f3 55. Qd3 Rxg2+ 56. Kh1 Rxg4 0-1

[Event "56. Campeonato de Bulgaria Femenino"]
[Site "Pernik, BUL"]
[Date "2007.03.12"]
[Round "2.3"]
[White "Genova, Ruzka"]
[Black "Voiska, Margarita"]
[Result "1/2-1/2"]
[WhiteElo "2243"]
[BlackElo "2319"]
[PlyCount "24"]
[EventDate "2007.03.11"]
[EventType "tourn"]
[EventRounds "11"]
[EventCountry "BUL"]
[Source "lmi"]
[SourceDate "2007.03.11"]

1. d4 d5 2. c4 c6 3. cxd5 cxd5 4. Nf3 Nf6 5. Nc3 Nc6 6. Bf4 a6 7. e3 Bf5 8. Bd3
Bxd3 9. Qxd3 e6 10. O-O Bd6 11. Bxd6 Qxd6 12. Rac1 O-O 1/2-1/2

[Event "56. Campeonato de Bulgaria Femenino"]
[Site "Pernik, BUL"]
[Date "2007.03.12"]
[Round "2.4"]
[White "Savova, Stefka"]
[Black "Videnova, Iva"]
[Result "1/2-1/2"]
[WhiteElo "2189"]
[BlackElo "2175"]
[PlyCount "118"]
[EventDate "2007.03.11"]
[EventType "tourn"]
[EventRounds "11"]
[EventCountry "BUL"]
[Source "lmi"]
[SourceDate "2007.03.11"]

1. Nf3 c5 2. g3 g6 3. Bg2 Bg7 4. d4 cxd4 5. Nxd4 Nc6 6. Nxc6 bxc6 7. O-O Rb8 8.
c4 Qb6 9. Na3 Nh6 10. Be3 c5 11. b4 Qa6 12. Nb5 O-O 13. Bxc5 Bxa1 14. Qxa1 d6
15. Bd4 Nf5 16. Bc3 Be6 17. Nc7 Qxc4 18. Nxe6 fxe6 19. e4 Rfc8 20. Bb2 Qxb4 21.
Bh8 e5 22. Bxe5 dxe5 23. exf5 Qd4 24. fxg6 hxg6 25. Qe1 Rb2 26. Qa5 Rcc2 27.
Bd5+ Kg7 28. Qd8 Rc8 29. Qxc8 Qxd5 30. Qc7 Rb7 31. Qc2 Rd7 32. Qe2 a5 33. Re1
Kf6 34. Qe4 Qxe4 35. Rxe4 Rd4 36. Re2 e4 37. Kg2 Kf5 38. h3 Ra4 39. f3 exf3+
40. Kxf3 e5 41. g4+ Ke6 42. h4 Ra3+ 43. Kg2 Kd5 44. h5 gxh5 45. gxh5 Rc3 46.
Kg1 Ke6 47. Rb2 a4 48. h6 Kf7 49. Rg2 Rh3 50. Rg4 a3 51. Ra4 Rc3 52. Rg4 Rh3
53. Ra4 Kg6 54. Ra6+ Kh7 55. Re6 Rc3 56. Rxe5 Rc2 57. Re6 Rxa2 58. Ra6 Ra1+ 59.
Kg2 Kh8 1/2-1/2

[Event "56. Campeonato de Bulgaria Femenino"]
[Site "Pernik, BUL"]
[Date "2007.03.12"]
[Round "2.5"]
[White "Raeva, Elitsa"]
[Black "Andreeva, Plamena"]
[Result "1-0"]
[WhiteElo "2207"]
[BlackElo "2090"]
[PlyCount "35"]
[EventDate "2007.03.11"]
[EventType "tourn"]
[EventRounds "11"]
[EventCountry "BUL"]
[Source "lmi"]
[SourceDate "2007.03.11"]

1. d4 Nf6 2. c4 d6 3. Nc3 e5 4. d5 Bf5 5. g3 Nbd7 6. Bg2 e4 7. f3 Ne5 8. fxe4
Bg6 9. Nf3 Nfd7 10. Qa4 Be7 11. Nxe5 dxe5 12. Bh3 c6 13. dxc6 Nc5 14. c7+ Nxa4
15. cxd8=Q+ Rxd8 16. Nxa4 Bxe4 17. O-O O-O 18. Be3 1-0

[Event "56. Campeonato de Bulgaria Femenino"]
[Site "Pernik, BUL"]
[Date "2007.03.12"]
[Round "2.6"]
[White "Bednikova, Stefi"]
[Black "Stefanova, Milena"]
[Result "1-0"]
[WhiteElo "2068"]
[BlackElo "2046"]
[PlyCount "77"]
[EventDate "2007.03.11"]
[EventType "tourn"]
[EventRounds "11"]
[EventCountry "BUL"]
[Source "lmi"]
[SourceDate "2007.03.11"]

1. e4 c5 2. Nf3 Nc6 3. d4 cxd4 4. Nxd4 e5 5. Nb5 a6 6. Nd6+ Bxd6 7. Qxd6 Qf6 8.
Qd1 Qg6 9. Nc3 Nge7 10. Be3 O-O 11. Qd2 b5 12. f3 d6 13. O-O-O Be6 14. h4 h5
15. g4 Rac8 16. gxh5 Qxh5 17. Be2 b4 18. Na4 d5 19. Rdg1 d4 20. Bh6 Ng6 21. Bg5
d3 22. Bxd3 Nd4 23. Qxb4 Qxf3 24. Kb1 Nf4 25. Bxf4 Qxf4 26. Nc5 Rb8 27. Nxe6
fxe6 28. Qe7 Rf7 29. Qg5 Nf3 30. Qxf4 exf4 31. Rg6 Rfb7 32. b3 Kf7 33. Rg4 e5
34. Bc4+ Kf6 35. Rd1 a5 36. c3 Rh8 37. Rd6+ Ke7 38. Rd3 g5 39. Rxf3 1-0

[Event "56. Campeonato de Bulgaria Femenino"]
[Site "Pernik, BUL"]
[Date "2007.03.13"]
[Round "3.1"]
[White "Stefanova, Milena"]
[Black "Jordanova, Svetla"]
[Result "1-0"]
[WhiteElo "2046"]
[BlackElo "2245"]
[PlyCount "75"]
[EventDate "2007.03.11"]
[EventType "tourn"]
[EventRounds "11"]
[EventCountry "BUL"]
[Source "lmi"]
[SourceDate "2007.03.11"]

1. e4 c5 2. Nf3 d6 3. c3 Nf6 4. Bd3 Nc6 5. Bc2 Bg4 6. d3 e6 7. Nbd2 Be7 8. h3
Bh5 9. Nf1 d5 10. Qe2 h6 11. Ng3 Bg6 12. O-O O-O 13. Nh2 dxe4 14. dxe4 e5 15.
Nf5 Bxf5 16. exf5 Re8 17. Ng4 Nxg4 18. Qxg4 Bg5 19. f4 exf4 20. Bxf4 Bxf4 21.
Rxf4 Qf6 22. Ba4 Ne5 23. Qg3 Red8 24. Bb3 Rd3 25. Qe1 Rdd8 26. Re4 Nc6 27. Qe3
b6 28. Re1 Rac8 29. Qf3 Kh7 30. Qh5 Rc7 31. Re8 Rxe8 32. Rxe8 g6 33. fxg6+ fxg6
34. Qd5 Qg7 35. Qd6 c4 36. Bxc4 Na5 37. Bg8+ Kh8 38. Bf7+ 1-0

[Event "56. Campeonato de Bulgaria Femenino"]
[Site "Pernik, BUL"]
[Date "2007.03.13"]
[Round "3.3"]
[White "Videnova, Iva"]
[Black "Raeva, Elitsa"]
[Result "0-1"]
[WhiteElo "2175"]
[BlackElo "2207"]
[PlyCount "124"]
[EventDate "2007.03.11"]
[EventType "tourn"]
[EventRounds "11"]
[EventCountry "BUL"]
[Source "lmi"]
[SourceDate "2007.03.11"]

1. e4 c5 2. Nf3 d6 3. d4 cxd4 4. Nxd4 Nf6 5. Nc3 g6 6. Be3 Bg7 7. f3 O-O 8. Qd2
Nc6 9. Bc4 Bd7 10. O-O-O Rc8 11. Bb3 Ne5 12. Kb1 a5 13. a4 Nc4 14. Bxc4 Rxc4
15. b3 Rc8 16. g4 Bc6 17. h4 Qd7 18. h5 Rfd8 19. Bh6 e5 20. Bxg7 Kxg7 21. Nf5+
gxf5 22. Qg5+ Kf8 23. Qxf6 fxg4 24. Qh6+ Ke8 25. fxg4 Qe6 26. Qxh7 Ke7 27. Nd5+
Bxd5 28. exd5 Qxg4 29. Rdf1 Rf8 30. Qh6 Qe4 31. Qf6+ Kd7 32. Qf5+ Qxf5 33. Rxf5
Ke7 34. h6 Rh8 35. Rhf1 Rh7 36. c4 b6 37. Kb2 Rg8 38. b4 Rg2+ 39. Kb3 Rg3+ 40.
R1f3 Rxf3+ 41. Rxf3 Rxh6 42. bxa5 bxa5 43. c5 dxc5 44. Kc4 Kd6 45. Rxf7 Rh4+
46. Kb5 Rb4+ 47. Kxa5 Kxd5 48. Rd7+ Kc4 49. Re7 Kd5 50. Rd7+ Kc6 51. Re7 e4 52.
Re8 Kd5 53. Rd8+ Kc4 54. Re8 Kd3 55. Rc8 e3 56. Rxc5 Rb1 57. Re5 e2 58. Ka6 Rb4
59. Rxe2 Kxe2 60. a5 Kd3 61. Ka7 Kc4 62. a6 Kc5 0-1

[Event "56. Campeonato de Bulgaria Femenino"]
[Site "Pernik, BUL"]
[Date "2007.03.13"]
[Round "3.4"]
[White "Voiska, Margarita"]
[Black "Savova, Stefka"]
[Result "1-0"]
[WhiteElo "2319"]
[BlackElo "2189"]
[PlyCount "63"]
[EventDate "2007.03.11"]
[EventType "tourn"]
[EventRounds "11"]
[EventCountry "BUL"]
[Source "lmi"]
[SourceDate "2007.03.11"]

1. c4 Nf6 2. g3 g6 3. Bg2 Bg7 4. e4 d6 5. d4 O-O 6. Nc3 Nc6 7. Nge2 e5 8. d5
Ne7 9. Bg5 Ne8 10. Qd2 f6 11. Be3 b6 12. O-O h5 13. f4 Kh7 14. Nc1 Bh6 15. Nd3
Kg7 16. Rf2 exf4 17. Nxf4 Ng8 18. Nce2 Bd7 19. Nd4 Bxf4 20. gxf4 Rc8 21. f5 g5
22. Ne6+ Bxe6 23. fxe6 Qe7 24. Raf1 g4 25. Rf5 Kg6 26. e5 Ng7 27. Qd3 Nxf5 28.
Qxf5+ Kg7 29. Be4 Kh8 30. Qxh5+ Nh6 31. Qxh6+ Kg8 32. exf6 1-0

[Event "56. Campeonato de Bulgaria Femenino"]
[Site "Pernik, BUL"]
[Date "2007.03.13"]
[Round "3.6"]
[White "Nikolova, Adriana"]
[Black "Genova, Lybka"]
[Result "1-0"]
[WhiteElo "2204"]
[BlackElo "2214"]
[PlyCount "119"]
[EventDate "2007.03.11"]
[EventType "tourn"]
[EventRounds "11"]
[EventCountry "BUL"]
[Source "lmi"]
[SourceDate "2007.03.11"]

1. e4 c5 2. Nf3 e6 3. d4 cxd4 4. Nxd4 a6 5. c4 Nf6 6. Nc3 Qc7 7. Be3 b6 8. Be2
Bb7 9. f3 d6 10. O-O Be7 11. Qd2 O-O 12. a3 Nbd7 13. Rfd1 Rac8 14. Rac1 Qb8 15.
Bf1 Bd8 16. Nc2 Bc7 17. Bf4 Ne5 18. Bxe5 dxe5 19. Qf2 Rfd8 20. Kh1 Nh5 21. Nb4
Rd4 22. g4 Nf6 23. Rxd4 exd4 24. Qxd4 Bxh2 25. Rc2 Bc7 26. Nd3 Rd8 27. Qe3 Nd7
28. f4 Nc5 29. Rf2 Nxd3 30. Bxd3 Bc6 31. b4 Qa8 32. Kg1 g5 33. e5 Rxd3 34. Qxd3
gxf4 35. Rxf4 Bxe5 36. Rf2 Qf8 37. Ne4 Qh6 38. b5 axb5 39. cxb5 Bd5 40. Qf3 Qg6
41. Nf6+ Bxf6 42. Qxf6 Qxg4+ 43. Kh2 Qh5+ 44. Kg3 Qg6+ 45. Qxg6+ hxg6 46. Rc2
Kf8 47. Rc8+ Ke7 48. Rb8 Kf6 49. Rxb6 Kg5 50. Rd6 Be4 51. b6 e5 52. Rd7 f5 53.
a4 f4+ 54. Kf2 Kf5 55. a5 g5 56. b7 Bxb7 57. Rxb7 g4 58. a6 g3+ 59. Kg2 Kg4 60.
Rg7+ 1-0

[Event "56. Campeonato de Bulgaria Femenino"]
[Site "Pernik, BUL"]
[Date "2007.03.14"]
[Round "4.2"]
[White "Genova, Ruzka"]
[Black "Nikolova, Adriana"]
[Result "1-0"]
[WhiteElo "2243"]
[BlackElo "2204"]
[PlyCount "129"]
[EventDate "2007.03.11"]
[EventType "tourn"]
[EventRounds "11"]
[EventCountry "BUL"]
[Source "lmi"]
[SourceDate "2007.03.11"]

1. c4 Nf6 2. Nc3 c5 3. g3 Nc6 4. Bg2 b6 5. e3 Bb7 6. Nge2 g6 7. O-O Bg7 8. d4
O-O 9. d5 Na5 10. b3 e5 11. Bb2 d6 12. Qc2 Ba6 13. h3 Rb8 14. Rae1 Nd7 15. f4
b5 16. cxb5 Bxb5 17. Nxb5 Rxb5 18. Nc3 Rb7 19. Ne4 Qb6 20. Bc3 Rbb8 21. Nxd6
Qxd6 22. Bxa5 f5 23. Bc3 e4 24. Rd1 Nb6 25. Bxg7 Kxg7 26. Rf2 Kf7 27. Bf1 Rbc8
28. Bc4 Rc7 29. Qc3 Re8 30. Kg2 h6 31. Kh2 Rce7 32. Rfd2 Rg8 33. Rg1 g5 34. Rf2
g4 35. h4 h5 36. Rd2 Ra8 37. Rc1 Rd8 38. Kg1 Kg6 39. Kf2 Kf7 40. Bb5 Rc7 41.
Ke2 Qf6 42. Qxf6+ Kxf6 43. d6 Rcc8 44. d7 Rc7 45. Rd6+ Ke7 46. Rh6 a6 47. Bc6
Nxd7 48. Bxd7 Rcxd7 49. Rh7+ Ke6 50. Rxd7 Rxd7 51. Rxc5 Rd6 52. Rc8 Kf7 53.
Rc7+ Kf6 54. b4 Rb6 55. a3 a5 56. bxa5 Rb2+ 57. Kd1 Rb3 58. Rc6+ Ke7 59. Kd2
Rd3+ 60. Ke2 Rxa3 61. a6 Ra2+ 62. Ke1 Ra3 63. Kd2 Kd7 64. Rb6 Kc7 65. Rh6 1-0

[Event "56. Campeonato de Bulgaria Femenino"]
[Site "Pernik, BUL"]
[Date "2007.03.14"]
[Round "4.4"]
[White "Raeva, Elitsa"]
[Black "Voiska, Margarita"]
[Result "0-1"]
[WhiteElo "2207"]
[BlackElo "2319"]
[PlyCount "88"]
[EventDate "2007.03.11"]
[EventType "tourn"]
[EventRounds "11"]
[EventCountry "BUL"]
[Source "lmi"]
[SourceDate "2007.03.11"]

1. d4 Nf6 2. Nf3 e6 3. e3 c5 4. Bd3 Nc6 5. O-O d5 6. b3 Qc7 7. a3 Bd6 8. c4
dxc4 9. bxc4 e5 10. Nc3 a6 11. d5 Ne7 12. e4 Ng6 13. Rb1 O-O 14. h3 Nh5 15. Ne2
Rb8 16. a4 Bd7 17. Bd2 b6 18. Qc2 Qc8 19. Ng3 Ngf4 20. Nf5 Bxf5 21. exf5 Nxd3
22. Qxd3 Nf6 23. Nh4 e4 24. Qe2 Qd8 25. Bg5 Re8 26. g4 h6 27. Bxf6 Qxf6 28. Ng2
Bc7 29. Rb3 Qd6 30. Rg3 b5 31. axb5 axb5 32. Ne3 b4 33. h4 b3 34. g5 Qa6 35.
Rg2 b2 36. gxh6 b1=Q 37. Rxg7+ Kh8 38. Qh5 Rg8 39. Ng4 Qxf1+ 40. Kxf1 Qa1+ 41.
Kg2 Qc3 42. Ne3 Bf4 43. f6 Qxf6 44. Ng4 Qc3 0-1

[Event "56. Campeonato de Bulgaria Femenino"]
[Site "Pernik, BUL"]
[Date "2007.03.14"]
[Round "4.5"]
[White "Bednikova, Stefi"]
[Black "Videnova, Iva"]
[Result "1/2-1/2"]
[WhiteElo "2068"]
[BlackElo "2175"]
[PlyCount "104"]
[EventDate "2007.03.11"]
[EventType "tourn"]
[EventRounds "11"]
[EventCountry "BUL"]
[Source "lmi"]
[SourceDate "2007.03.11"]

1. b3 c5 2. Bb2 Nc6 3. e4 a6 4. a4 d6 5. Bc4 Nf6 6. Nc3 e6 7. Nf3 Be7 8. d4
cxd4 9. Nxd4 O-O 10. O-O Qb6 11. Nde2 Ne5 12. Bd3 Bd7 13. h3 Bc6 14. a5 Qa7 15.
Na4 Rad8 16. Bd4 Qb8 17. Bb6 Rd7 18. f4 Nxd3 19. cxd3 e5 20. Qe1 Re8 21. Ng3
Bf8 22. fxe5 dxe5 23. Rxf6 gxf6 24. Nh5 Kh8 25. Nxf6 Rxd3 26. Qh4 h6 27. Qh5
Bg7 28. Nxe8 Qxe8 29. Nc5 Rd6 30. Rf1 Rg6 31. Rd1 Bf6 32. Qf5 Qg8 33. Kh1 Qe8
34. Nd7 Bg7 35. Nc5 Qe7 36. b4 Qg5 37. Qxg5 Rxg5 38. Rd8+ Kh7 39. Kg1 f5 40.
Ne6 Rg6 41. exf5 Rxg2+ 42. Kf1 Rg3 43. Rc8 Be4 44. Rc7 Bxf5 45. Kf2 Bxe6 46.
Kxg3 Bd5 47. Bc5 Kg6 48. Bd6 Bc6 49. b5 Bxb5 50. Rxb7 Bd3 51. Rxg7+ Kxg7 52.
Bxe5+ Kg6 1/2-1/2

[Event "56. Campeonato de Bulgaria Femenino"]
[Site "Pernik, BUL"]
[Date "2007.03.14"]
[Round "4.6"]
[White "Stefanova, Milena"]
[Black "Andreeva, Plamena"]
[Result "0-1"]
[WhiteElo "2046"]
[BlackElo "2090"]
[PlyCount "88"]
[EventDate "2007.03.11"]
[EventType "tourn"]
[EventRounds "11"]
[EventCountry "BUL"]
[Source "lmi"]
[SourceDate "2007.03.11"]

1. e4 c5 2. Nf3 d6 3. b3 a6 4. a4 Nf6 5. Nc3 b6 6. Bc4 e6 7. Qe2 Nc6 8. O-O Be7
9. e5 dxe5 10. Nxe5 Nd4 11. Qd1 Qc7 12. f4 Bb7 13. Ne2 Nf5 14. Bb2 Rd8 15. Qe1
Ne4 16. Bd3 Nfd6 17. Nc3 Nf6 18. Qe2 Qc8 19. Rae1 O-O 20. Nd1 Nf5 21. g4 Nd4
22. Bxd4 Rxd4 23. g5 c4 24. bxc4 Bc5 25. Ne3 Nd7 26. Qh5 g6 27. Nxg6 Rxd3 28.
Nxf8 Qc6 29. Rf3 Rxd2 30. Nxd7 Rxd7 31. Rg3 Qh1+ 32. Kf2 Rd2+ 33. Re2 Rd1 34.
Qh3 Bc6 35. g6 hxg6 36. c3 Bf3 37. Ra2 Bb7 38. Re2 Kg7 39. Rg5 f6 40. Rg3 a5
41. f5 exf5 42. Rxg6+ Kxg6 43. Qxf5+ Kg7 44. Qg4+ Kf8 0-1

[Event "56. Campeonato de Bulgaria Femenino"]
[Site "Pernik, BUL"]
[Date "2007.03.15"]
[Round "5.1"]
[White "Andreeva, Plamena"]
[Black "Jordanova, Svetla"]
[Result "1/2-1/2"]
[WhiteElo "2090"]
[BlackElo "2245"]
[PlyCount "64"]
[EventDate "2007.03.11"]
[EventType "tourn"]
[EventRounds "11"]
[EventCountry "BUL"]
[Source "lmi"]
[SourceDate "2007.03.11"]

1. d4 d5 2. Nf3 Bf5 3. e3 e6 4. Bd3 Bg6 5. O-O Bd6 6. b3 Nd7 7. Bb2 Ne7 8. Qe2
O-O 9. Nbd2 Bxd3 10. Qxd3 f5 11. c4 c6 12. Ng5 Rf6 13. f4 Qe8 14. Ngf3 Rh6 15.
Ne5 Nf6 16. Qe2 Rd8 17. Bc3 Rh5 18. Rab1 g5 19. c5 Bxe5 20. fxe5 Ne4 21. Nxe4
dxe4 22. g4 Rh4 23. gxf5 exf5 24. Qc4+ Rd5 25. Qe2 g4 26. Be1 Rh6 27. b4 a6 28.
a4 Qh5 29. Bg3 Rd8 30. b5 axb5 31. axb5 Nd5 32. bxc6 bxc6 1/2-1/2

[Event "56. Campeonato de Bulgaria Femenino"]
[Site "Pernik, BUL"]
[Date "2007.03.15"]
[Round "5.2"]
[White "Videnova, Iva"]
[Black "Stefanova, Milena"]
[Result "1-0"]
[WhiteElo "2175"]
[BlackElo "2046"]
[PlyCount "39"]
[EventDate "2007.03.11"]
[EventType "tourn"]
[EventRounds "11"]
[EventCountry "BUL"]
[Source "lmi"]
[SourceDate "2007.03.11"]

1. e4 c5 2. Nf3 Nc6 3. d4 cxd4 4. Nxd4 e5 5. Nb5 a6 6. Nd6+ Bxd6 7. Qxd6 Qf6 8.
Qc7 Nge7 9. Nc3 Qg6 10. Be3 Nd4 11. O-O-O Nec6 12. f3 O-O 13. Nd5 Qe6 14. c3
Nb5 15. Qb6 d6 16. a4 Bd7 17. axb5 axb5 18. Bxb5 Na5 19. Kc2 Bxb5 20. Qxb5 1-0

[Event "56. Campeonato de Bulgaria Femenino"]
[Site "Pernik, BUL"]
[Date "2007.03.15"]
[Round "5.3"]
[White "Voiska, Margarita"]
[Black "Bednikova, Stefi"]
[Result "1/2-1/2"]
[WhiteElo "2319"]
[BlackElo "2068"]
[PlyCount "43"]
[EventDate "2007.03.11"]
[EventType "tourn"]
[EventRounds "11"]
[EventCountry "BUL"]
[Source "lmi"]
[SourceDate "2007.03.11"]

1. d4 Nf6 2. c4 g6 3. Nc3 Bg7 4. e4 d6 5. Bd3 e5 6. d5 Nbd7 7. Nge2 O-O 8. O-O
Nc5 9. Bc2 a5 10. f3 c6 11. Be3 cxd5 12. cxd5 Ne8 13. a3 f5 14. exf5 gxf5 15.
f4 Bd7 16. fxe5 Bxe5 17. Nf4 Rc8 18. h3 Ng7 19. Nd3 Nxd3 20. Qxd3 b5 21. Rf2
Qh4 22. Qd2 1/2-1/2

[Event "56. Campeonato de Bulgaria Femenino"]
[Site "Pernik, BUL"]
[Date "2007.03.15"]
[Round "5.5"]
[White "Nikolova, Adriana"]
[Black "Savova, Stefka"]
[Result "1-0"]
[WhiteElo "2204"]
[BlackElo "2189"]
[PlyCount "61"]
[EventDate "2007.03.11"]
[EventType "tourn"]
[EventRounds "11"]
[EventCountry "BUL"]
[Source "lmi"]
[SourceDate "2007.03.11"]

1. e4 c5 2. Nf3 d6 3. d4 cxd4 4. Nxd4 Nf6 5. Nc3 a6 6. Bg5 e6 7. f4 Nbd7 8. Qf3
Be7 9. O-O-O Qc7 10. g4 b5 11. Bxf6 gxf6 12. f5 Ne5 13. Qh3 b4 14. Nce2 exf5
15. Nxf5 Qa5 16. Kb1 Bxf5 17. gxf5 Nc4 18. Qb3 Rc8 19. Nf4 Qc5 20. Nd5 a5 21.
Bxc4 Qxc4 22. Qa4+ Kf8 23. Qd7 Qxc2+ 24. Ka1 Re8 25. Nxe7 Rxe7 26. Qd8+ Re8 27.
Qxd6+ Re7 28. Rc1 Qxe4 29. Rc8+ Kg7 30. Rg1+ Kh6 31. Qxf6+ 1-0

[Event "56. Campeonato de Bulgaria Femenino"]
[Site "Pernik, BUL"]
[Date "2007.03.15"]
[Round "6.2"]
[White "Savova, Stefka"]
[Black "Genova, Lybka"]
[Result "1/2-1/2"]
[WhiteElo "2189"]
[BlackElo "2214"]
[PlyCount "22"]
[EventDate "2007.03.11"]
[EventType "tourn"]
[EventRounds "11"]
[EventCountry "BUL"]
[Source "lmi"]
[SourceDate "2007.03.11"]

1. Nf3 c5 2. g3 Nc6 3. Bg2 g6 4. c4 Bg7 5. Nc3 d6 6. O-O e5 7. d3 Nge7 8. a3
Be6 9. Ng5 Bc8 10. Nd5 O-O 11. Rb1 Nxd5 1/2-1/2

[Event "56. Campeonato de Bulgaria Femenino"]
[Site "Pernik, BUL"]
[Date "2007.03.15"]
[Round "6.4"]
[White "Bednikova, Stefi"]
[Black "Chilingirova, Pavlina"]
[Result "1-0"]
[WhiteElo "2068"]
[BlackElo "2184"]
[PlyCount "113"]
[EventDate "2007.03.11"]
[EventType "tourn"]
[EventRounds "11"]
[EventCountry "BUL"]
[Source "lmi"]
[SourceDate "2007.03.11"]

1. f4 c5 2. Nf3 Nf6 3. b3 g6 4. Bb2 Bg7 5. e4 O-O 6. e5 Nd5 7. g3 d6 8. Bg2 Nc6
9. O-O dxe5 10. Nxe5 Nxe5 11. fxe5 Nb4 12. d3 Qc7 13. Re1 Nc6 14. Bxc6 Qxc6 15.
Nd2 b6 16. Qf3 Bb7 17. Qxc6 Bxc6 18. a4 Bd5 19. Re2 a6 20. Nc4 Rab8 21. a5 Bxc4
22. dxc4 b5 23. cxb5 Rxb5 24. Bc3 Rd8 25. Ra4 h5 26. h3 e6 27. Kf2 Rd5 28. Rc4
Rb7 29. Rd2 Bf8 30. g4 Rxd2+ 31. Bxd2 hxg4 32. hxg4 Rd7 33. Ke2 Rd5 34. Bc3 Bg7
35. Re4 Kf8 36. b4 Ke8 37. bxc5 Rxc5 38. Kd3 Rb5 39. Kc4 Bf8 40. Re1 Be7 41.
Rd1 Rc5+ 42. Kd3 Rd5+ 43. Ke2 Rxd1 44. Kxd1 Kd7 45. Ke2 Kc6 46. Ke3 Bd8 47. Kd4
Kb5 48. Bd2 Bxa5 49. c4+ Ka4 50. Bxa5 Kxa5 51. Kc5 Ka4 52. Kd6 Kb3 53. c5 a5
54. c6 a4 55. c7 a3 56. c8=Q a2 57. Qc1 1-0

[Event "56. Campeonato de Bulgaria Femenino"]
[Site "Pernik, BUL"]
[Date "2007.03.15"]
[Round "6.6"]
[White "Andreeva, Plamena"]
[Black "Videnova, Iva"]
[Result "0-1"]
[WhiteElo "2090"]
[BlackElo "2175"]
[PlyCount "120"]
[EventDate "2007.03.11"]
[EventType "tourn"]
[EventRounds "11"]
[EventCountry "BUL"]
[Source "lmi"]
[SourceDate "2007.03.11"]

1. d4 c5 2. d5 d6 3. c4 g6 4. e4 Bg7 5. Nc3 e5 6. dxe6 Bxe6 7. Nb5 a6 8. Nxd6+
Ke7 9. Bg5+ f6 10. Bf4 Bh6 11. Bxh6 Nxh6 12. Qd2 Qxd6 13. Qxh6 Nc6 14. Qe3 Nb4
15. Qc3 Qe5 16. Qxe5 fxe5 17. Kd2 Rad8+ 18. Kc3 Rd6 19. Nf3 Kf6 20. a3 Nc6 21.
h3 Nd4 22. Rd1 Rhd8 23. Nxd4 exd4+ 24. Kd2 Ke5 25. Bd3 b5 26. b3 Rf8 27. Ke2 a5
28. Rc1 bxc4 29. bxc4 Rb6 30. f4+ Rxf4 31. Rb1 Rxb1 32. Rxb1 Bd7 33. Rb7 Bc6
34. Rxh7 Ke6 35. g3 Rf8 36. Rg7 Rf6 37. Rc7 Kd6 38. Ra7 Re6 39. Kf3 Ke5 40.
Rxa5 Bxe4+ 41. Bxe4 Rf6+ 42. Ke2 Kxe4 43. Rxc5 d3+ 44. Kd2 Rf2+ 45. Kc3 Rc2+
46. Kb3 Rc1 47. Rd5 Ke3 48. Re5+ Kd2 49. c5 Rc3+ 50. Kb4 Kc2 51. Kb5 d2 52. Re2
Kd3 53. Rxd2+ Kxd2 54. c6 Rxa3 55. c7 Rc3 56. Kb6 Ke3 57. Kb7 Kf3 58. g4 Kg3
59. g5 Kxh3 60. c8=Q+ Rxc8 0-1